R Bioinformatics Cookbook : Utilize R Packages Bioinformatics, Genomics, Data Science, and Machine Learning /

Gespeichert in:
Bibliographische Detailangaben
1. Verfasser: MacLean, Dan (Verfasst von)
Format: Buch
Sprache:Englisch
Veröffentlicht: Birmingham : Packt Publishing, 2023
Ausgabe:2nd Edition
Tags: Tag hinzufügen
Keine Tags, Fügen Sie das erste Tag hinzu!

MARC

LEADER 00000nam a22000003a 4500
001 0140268
003 SK-STU
005 20260224100818.5
007 ta
008 260224s ----xo-----e------000-0-----d
020 |a 978-1-83763-427-9 
040 |a STU  |b slo 
041 0 |a eng 
044 |a xxk 
100 1 |a MacLean, Dan  |4 aut  |r Z6 
245 1 0 |a R Bioinformatics Cookbook :  |b Utilize R Packages Bioinformatics, Genomics, Data Science, and Machine Learning /  |c aut. Dan MacLean 
250 |a 2nd Edition 
260 |a Birmingham :  |b Packt Publishing,  |c 2023 
300 |a 373 s. 
996 |b 284EK91190  |c E* 91190  |l EE39  |s P  |a 0  |w 0140268_0001